000
00326nam a2200145Ia 4500
005
20251222140036.0
008
251222s1900||||xx |||||||||||||| ||spa||
020
_a
84-254-1354-0
082
_a
108/P54/Ej.2
100
_a
Pieper, Josef
245
0
_a
El fin del Tiempo:
250
_a
2a.ed.
264
_b
Herder
942
_c
LIB
999
_c
3110
_d
3110